Statistics for Regions of Kyrgyzstan Map Quiz

Click here to take the quiz!

General Stats

  • This quiz has been taken 110 times
  • The average score is 4 of 7

Answers on the Map

Answers color-coded by a green-red scale on the quiz's map according to % correct below.
Loading ...
 

Answer Stats

Answer % Correct
Osh
71%
Jalal-Abad
62%
Chüy
58%
Ysyk-Köl
58%
Talas
47%
Batken
44%
Naryn
44%

Score Distribution

Percentile by Number Answered

Percent of People with Each Score

Your Score History

You have not taken this quiz